LEADER 02301njm a2200541 a 4500
001 000291998
003 CZ BrMZK
005 20121018114908.0
008 010907s1994 xr f cze d
028 0 3 |a 31 0255-2 901  |b Multisonic 
040 |a BOA001  |b cze 
080 |a 787.1.087.2(086.7)  |2 MRF 
080 |a 787.1.087.2(0876.7)  |2 MRF 
245 0 0 |a Skladby pro housle, klavír a orchestr  |h [zvukový záznam] 
246 3 3 |a Valse-scherzo in C for violin and orchestra, op. 34 
246 3 3 |a "Tzigane" 
246 3 3 |a Duo no. 1 in A major 
246 3 3 |a Havanaise in E for violin and orchestra, op. 83 
246 3 3 |a Peter and the wolf, op. 67 / 
246 3 3 |a Romeo and Julliette, op. 64 
246 3 3 |a Poeme for violin and orchestra, op. 25 
246 3 3 |a Sérénade mélancolique in B mninor for violin and orchestra, op. 26 
260 |a Praha :  |b Multisonic,  |c p1994 
300 |a 1 CD ;  |c 12 cm +  |e 1 brožura [8 s.]. 
306 |a 010027 
490 1 |a Russian Treasure 
500 |a Nahr. 1947, 1957 
500 |a Durata 60:27 
500 |a Text v brož. vícejaz. 
505 2 |a Duo no. 1 in A major, Peter and the wolf, op. 67, Romeo and Juliet, ballet suite no. 1, op. 64b ... [et al.] 
511 0 |a Leonid Kogan, housle; Vladimír Yampolsky, klavír. Moskevský rozhlasový orchestr, dir. Zdeněk Chalabala 
653 0 |a baletní suity  |a housle  |a houslové serenády 
700 1 |a Saint-Saëns, Camille,  |d 1835-1921  |7 jn20000604768  |4 cmp 
700 1 |a Smetana, Bedřich,  |d 1824-1884  |7 jk01120043  |4 cmp 
700 1 |a Čajkovskij, Petr Il‘jič,  |d 1840-1893  |7 jn19981002507  |4 cmp 
700 1 |a Chalabala, Zdeněk,  |d 1899-1962  |7 jn19990209283  |4 cnd 
700 1 |a Jampol'skij, Vladimir  |4 itr 
700 1 |a Kogan, Leonid,  |d 1924-1982  |7 js20020415010  |4 itr 
700 1 |a Chausson, Ernest,  |d 1855-1899  |7 js20020318004  |4 cmp 
700 1 |a Prokof‘jev, Sergej Sergejevič,  |d 1891-1953  |7 jn19990210508  |4 cmp 
700 1 |a Ravel, Maurice,  |d 1875-1937  |7 jn19990006862  |4 cmp 
710 2 |a Vsesojuznoje radio.  |b Simfoničeskij orkestr  |7 ko2003171911 
830 0 |a Russian Treasure 
910 |a BOA001  |b CD-0002.721 
964 |a Housle a orchestr  |x CD 
964 |a Housle a klavír  |x CD 
990 |a AV 
996 6 |b 261H002754  |c CD-0002.721  |l MZK  |r Sklad / do 24 hodin  |n 0  |w 000291998  |u 000010  |a 1  |e BOA001  |j MZK50  |s P